=LDR 00000nam 2200000 4500 =001 INLIS000000000054616 =005 20200305103159 =035 ##$$a 0010-0220000178 =008 200305################g##########0#ind## =041 ##$$a ind =082 ##$$a 152.4 =090 ##$$a 152.4 , Erl,h =100 #$$a Erlinawati =245 1#$$a How to catch mr. bule /$c Erlinawati =260 ##$$a Jakarta :$b PT. Gramedia Pustaka Utama,$c 2008 =300 ##$$a 97 hlm. : $b ilus. ; $c 13 x 21 Cm. =850 ##$$a NBPNMAT =020 ##$$a 978-979-22-3503-6 =084 ##$$a 152.4 ERL h =250 ##$$a Cet. 1 =500 ##$$a Biografi : hlm. 96 =600 #4$$a Cinta =990 ##$$a 0001/BPAP-NTB/2016 =990 ##$$a 21104729 =990 ##$$a 21104728